| 000 | 00479nam a2200169Ia 4500 | ||
|---|---|---|---|
| 999 |
_c28872 _d28872 |
||
| 003 | OSt | ||
| 005 | 20210106101908.0 | ||
| 008 | 190216s9999||||xx |||||||||||||| ||und|| | ||
| 040 | _coclc | ||
| 082 |
_a894.812301 _bKUM/C |
||
| 100 |
_aKumar, Pradeep _91222 |
||
| 245 | 0 |
_aCastration / _cPradeep Kumar |
|
| 260 |
_bSorba Publications, _aPalakkad: _c2007. |
||
| 300 | _a80p | ||
| 650 | _aMalayalam | ||
| 942 |
_cBK _2ddc _h894.812301 _iKUM/C _k894.812301 _mKUM/C |
||